|
|
|
|
| LEADER |
01133nta a2200229 i 4500 |
| 001 |
dokt3971 |
| 005 |
20200525113230.0 |
| 008 |
170425s2017 hu om 0|| eng d |
| 024 |
7 |
|
|a 10.14232/phd.3971
|2 doi
|
| 024 |
7 |
|
|a 3266436
|2 mtmt
|
| 040 |
|
|
|a SZTE Doktori Repozitórium
|b hun
|
| 041 |
|
|
|a eng
|
| 100 |
1 |
|
|a Bere Zsófia
|
| 245 |
1 |
0 |
|a Live, optical experimental neuroimaging reveals variations of the cerebral blood flow response to ischemic spreading depolarization
|h [elektronikus dokumentum] /
|c Bere Zsófia
|
| 246 |
1 |
0 |
|a Az iszkémiás agykérgi kúszó depolarizációval járó vérátáramlási válaszok jellemzése kísérletes agyi képalkotással
|h [elektronikus dokumentum]
|
| 260 |
|
|
|c 2017-05-03
|
| 502 |
|
|
|a Disszertacio
|
| 650 |
|
4 |
|a elméleti orvostudományok
|
| 700 |
1 |
|
|a Farkas Eszter
|e ths
|
| 856 |
4 |
0 |
|u https://doktori.bibl.u-szeged.hu/id/eprint/3971/1/berezsofia%20thesis.pdf
|z Dokumentum-elérés
|
| 856 |
4 |
0 |
|u https://doktori.bibl.u-szeged.hu/id/eprint/3971/7/eng%20short%20final.pdf
|z Dokumentum-elérés
|
| 856 |
4 |
0 |
|u https://doktori.bibl.u-szeged.hu/id/eprint/3971/8/hun%20short%20final.pdf
|z Dokumentum-elérés
|